00558nam a2200181 a 4500001001300000003000900013005001700022008004100039020002500080082001700105100002600122245007900148260004300227300000900270500003500279505002200314650004000336nice12345678IN_TiNIC20260116011636.0050524s1974 chia grp 000 0 eng  a0819961 c319.700a291.172bBAS aBassetti Sani, Giulio aLouis Massignon, 1883-1962 Christian Prophet of Inter-Religious Reconcilia aChicagobFranciscan Herald Pressc1974 a262p aincludes index and biblioraphy2 aappendices, index aReconciliation-Interfaith Musl Chri